Does the Instability of Economic Development Affect the Elasticity of the Labour Market?
Vplyv nestability ekonomického rastu na elasticitu trhu práce v súbore členských krajín EÚ27 v období 2000Q1–2019Q4. Zistenie, že časté krátkodobé trendy negatívneho ekonomického vývoja majú za následok zníženú citlivosť trhu práce na zmeny výkonnosti ekonomiky, prejavujúcu sa nižšou elasticitou zam...
Guardado en:
| Autor principal: | |
|---|---|
| Otros Autores: | |
| Formato: | Capítulo de libro |
| Lenguaje: | inglés |
| Materias: | |
| Etiquetas: |
Sin Etiquetas, Sea el primero en etiquetar este registro!
|
MARC
| LEADER | 00000naa a2200000 4500 | ||
|---|---|---|---|
| 001 | 0283649 | ||
| 005 | 20220510133707.3 | ||
| 041 | 0 | |a eng | |
| 044 | |a CZ | ||
| 245 | 1 | 0 | |a Does the Instability of Economic Development Affect the Elasticity of the Labour Market? |c Monika Daňová, Ivana Kravčáková Vozárová |
| 520 | |a Vplyv nestability ekonomického rastu na elasticitu trhu práce v súbore členských krajín EÚ27 v období 2000Q1–2019Q4. Zistenie, že časté krátkodobé trendy negatívneho ekonomického vývoja majú za následok zníženú citlivosť trhu práce na zmeny výkonnosti ekonomiky, prejavujúcu sa nižšou elasticitou zamestnanosti v porovnaní s jej hodnotami v ekonomikách so stabilným vývojovým trendom. | ||
| 610 | 2 | 0 | |a rozvoj hospodársky |
| 610 | 2 | 0 | |a rast hospodársky |
| 610 | 2 | 0 | |a nestabilita hospodárstva |
| 610 | 2 | 0 | |a trh práce |
| 610 | 2 | 0 | |a zamestnanosť |
| 100 | 1 | |a Daňová, Monika | |
| 700 | 1 | |a Kravčáková Vozárová, Ivana | |